| 000 | 00661cam a2200241u 4500 | ||
|---|---|---|---|
| 001 | 6084531 | ||
| 003 | OSt | ||
| 005 | 20230627112126.0 | ||
| 008 | 801222s1960 nyu 000 0 eng | ||
| 010 | _a 60008718 | ||
| 040 |
_aDLC _cCarP _dDLC |
||
| 043 | _af------ | ||
| 050 | 0 | 0 |
_aS471.A35 _bP45 1960 |
| 082 |
_a333.38 _bPHI |
||
| 100 | 1 |
_aPhillips, John Frederick Vicars, _d1899- [from old catalog] |
|
| 245 | 1 | 0 | _aAgriculture and ecology in Africa, |
| 260 |
_aNew York, _bPraeger _c[1960] |
||
| 300 | _ap. cm. | ||
| 650 | 0 |
_aAgriculture _zAfrica. |
|
| 650 | 0 |
_aEcology _zAfrica. |
|
| 906 |
_a0 _bcbc _cpremunv _du _encip _f19 _gy-gencatlg |
||
| 942 |
_2ddc _cBK |
||
| 999 |
_c2829 _d2829 |
||